[Event "Superbet Blitz 2023"]
[Site "Warsaw POL"]
[Date "2023.05.24"]
[Round "5.3"]
[White "Aronian, Levon"]
[Black "So, Wesley"]
[Result "0-1"]
[WhiteTitle "GM"]
[BlackTitle "GM"]
[WhiteElo "2745"]
[BlackElo "2760"]
[WhiteFideId "13300474"]
[BlackFideId "5202213"]
[EventDate "2023.05.24"]

1. e4 e5 2. Nf3 Nc6 3. Bc4 Bc5 4. O-O Nf6 5. Nc3 d6 6. Na4 Bb6 7. d3 Na5 8. Bb3
h6 9. c3 Nxb3 10. axb3 Bg4 11. h3 Bh5 12. g4 Bg6 13. Nxb6 axb6 14. Rxa8 Qxa8 15.
Nh2 O-O 16. f4 exf4 17. Bxf4 Nd7 18. Nf3 Re8 19. Nd4 Qd8 20. Nf5 Nc5 21. b4 Ne6
22. Qf3 d5 23. exd5 Nxf4 24. Qxf4 Qxd5 25. d4 c6 26. Ng3 Qb3 27. Qd2 b5 28. h4
f6 29. Kh2 Bf7 30. Rf2 Qe6 31. Qf4 Qd5 32. Nf5 Re4 33. Qb8+ Kh7 34. Qg3 Re1 35.
Rg2 Re4 36. Qc7 Qe6 37. Qxb7 h5 38. Qc7 hxg4 39. Nd6 g3+ 40. Rxg3 Rxh4+ 41. Kg2
Qe2+ 0-1

[Event "Superbet Blitz 2023"]
[Site "Warsaw POL"]
[Date "2023.05.24"]
[Round "5.4"]
[White "Duda, Jan-Krzysztof"]
[Black "Vachier-Lagrave, Maxime"]
[Result "1-0"]
[WhiteTitle "GM"]
[BlackTitle "GM"]
[WhiteElo "2724"]
[BlackElo "2742"]
[WhiteFideId "1170546"]
[BlackFideId "623539"]
[EventDate "2023.05.24"]

1. c4 e5 2. Nc3 Bb4 3. Nd5 Be7 4. d4 exd4 5. Qxd4 Nf6 6. Nxe7 Qxe7 7. Bg5 Nc6 8.
Qc3 d6 9. Bxf6 Qxf6 10. Qxf6 gxf6 11. e3 Be6 12. Nf3 O-O-O 13. Nd4 Ne7 14. O-O-O
a6 15. g3 c5 16. Nxe6 fxe6 17. Bh3 Kd7 18. Rd2 Nc6 19. Rhd1 Ke7 20. Bg2 Na5 21.
Bf1 Rd7 22. Kc2 Rb8 23. g4 b5 24. b3 bxc4 25. bxc4 Nc6 26. Kc3 Rb4 27. a3 Rb6
28. Rb2 Rxb2 29. Kxb2 Rb7+ 30. Kc2 Rb8 31. Be2 a5 32. h4 h6 33. f4 Kd7 34. Rb1
Rxb1 35. Kxb1 d5 36. cxd5 Ne7 37. dxe6+ Kxe6 38. Bc4+ Kd6 39. Kc2 Nc8 40. Kd3
Nb6 41. Ba2 Ke7 42. Ke4 Na4 43. Kd3 Nb6 44. Bb3 Kd6 45. h5 Ke7 46. e4 Kf8 47. e5
fxe5 48. fxe5 Ke7 49. Ke4 c4 50. Bc2 Nd7 51. Kd4 Nb6 52. Bf5 Kf7 53. Kc5 1-0

[Event "Superbet Blitz 2023"]
[Site "Warsaw POL"]
[Date "2023.05.24"]
[Round "6.1"]
[White "So, Wesley"]
[Black "Duda, Jan-Krzysztof"]
[Result "1/2-1/2"]
[WhiteTitle "GM"]
[BlackTitle "GM"]
[WhiteElo "2760"]
[BlackElo "2724"]
[WhiteFideId "5202213"]
[BlackFideId "1170546"]
[EventDate "2023.05.24"]

1. e4 e5 2. Nf3 Nc6 3. Bc4 Bc5 4. c3 Nf6 5. d3 d6 6. O-O a5 7. Nbd2 O-O 8. h3 h6
9. Bb5 Bd7 10. Re1 Ba7 11. Nf1 Ne7 12. Bxd7 Qxd7 13. Ng3 Rfe8 14. d4 Ng6 15. Be3
a4 16. Qc2 Qc6 17. Rad1 b5 18. Rc1 Bb6 19. Qd3 Rab8 20. Re2 Nf4 21. Bxf4 exf4
22. Nf5 Nxe4 23. Rce1 d5 24. Nd2 g6 25. Nxh6+ Kg7 26. Ng4 f5 27. Ne5 Qd6 28.
Nef3 c5 29. dxc5 Bxc5 30. a3 Qb6 31. Nd4 b4 32. axb4 Bxd4 33. cxd4 Qxb4 34. Nf3
Qc4 35. Qd1 Rec8 36. Ne5 Qb3 37. Qa1 Rb4 38. Rc1 Rxd4 39. Kh2 Re8 40. Nf3 Rc4
41. Rxc4 dxc4 42. Qc1 Rd8 43. Qxf4 Qb8 44. Qxb8 Rxb8 45. Rc2 c3 46. bxc3 a3 47.
Ra2 Ra8 48. c4 Nc3 49. Ra1 a2 50. Nd4 Ra4 51. Nb5 Ne4 52. f3 Nc5 53. Nc3 Ra3 54.
Nxa2 f4 55. h4 Kh6 56. Kh3 Kh5 57. Rd1 Ne6 58. Nb4 Rc3 59. Nd5 Rxc4 60. Nf6+ Kh6
61. Rd7 Ng7 62. Ng4+ Kh7 63. Nf6+ Kh6 64. Rf7 Ra4 65. Ng4+ Kh7 66. Nf6+ Kh6 67.
Kg4 Rc4 68. Nd5 Nf5 69. Nxf4 Ne3+ 70. Kh3 Nf5 71. g3 Rc3 72. Rf6 Rxf3 73. Rxg6+
Kh7 74. Rg4 Ne3 75. Rg5 Rf1 76. Kh2 Rf2+ 77. Kh3 Rf1 78. Rh5+ Kg8 79. Kh2 Rf2+
80. Kh3 Rf1 81. Kh2 1/2-1/2

[Event "Superbet Blitz 2023"]
[Site "Warsaw POL"]
[Date "2023.05.24"]
[Round "6.2"]
[White "Deac, Bogdan-Daniel"]
[Black "Aronian, Levon"]
[Result "0-1"]
[WhiteTitle "GM"]
[BlackTitle "GM"]
[WhiteElo "2700"]
[BlackElo "2745"]
[WhiteFideId "1226380"]
[BlackFideId "13300474"]
[EventDate "2023.05.24"]

1. e4 e5 2. Nf3 Nc6 3. Bb5 Nf6 4. d3 Bc5 5. Ba4 O-O 6. O-O Re8 7. Nbd2 a6 8. c3
b5 9. Bb3 d6 10. h3 h6 11. Re1 Be6 12. Bxe6 Rxe6 13. b4 Bb6 14. a4 Ne7 15. Nf1
Ng6 16. Ng3 d5 17. Qc2 Rc8 18. axb5 axb5 19. Be3 Bxe3 20. Rxe3 dxe4 21. dxe4 c5
22. bxc5 Rxc5 23. Qb3 Nf4 24. Ne2 Qc8 25. Ra3 Rec6 26. Ng3 g6 27. Kh2 Kg7 28.
Nf1 Ne8 29. N1d2 Nd6 30. Qb4 Nc4 31. Nxc4 bxc4 32. Ra7 Nd3 33. Qa3 Qe6 34. Re2
Rb6 35. Qa1 Qf6 36. Kh1 Rcb5 37. Qf1 Rb1 38. Ne1 R6b2 39. Rxb2 Rxe1 40. Qxe1
Nxe1 41. f3 Qg5 42. Rba2 h5 43. Rd7 h4 44. Rd1 Nd3 45. Rb1 Qe3 46. Kh2 Nf4 47.
Rb7 Ne2 48. Ra1 Qf4+ 49. Kh1 Ng3+ 50. Kg1 Qd2 51. Rc7 Qxc3 0-1

[Event "Superbet Blitz 2023"]
[Site "Warsaw POL"]
[Date "2023.05.24"]
[Round "6.3"]
[White "Wojtaszek, Radoslaw"]
[Black "Giri, Anish"]
[Result "0-1"]
[WhiteTitle "GM"]
[BlackTitle "GM"]
[WhiteElo "2670"]
[BlackElo "2768"]
[WhiteFideId "1118358"]
[BlackFideId "24116068"]
[EventDate "2023.05.24"]

1. d4 d5 2. c4 c6 3. Nf3 Nf6 4. Nc3 dxc4 5. a4 e6 6. e3 c5 7. Bxc4 cxd4 8. exd4
Nc6 9. O-O Be7 10. Bf4 O-O 11. Rc1 Nb4 12. Ne5 Bd7 13. Re1 Bc6 14. Nxc6 bxc6 15.
Be5 a5 16. Qf3 Nd7 17. Rcd1 Nxe5 18. dxe5 Qc7 19. Qg3 Rad8 20. Ne4 Nc2 21. Rf1
Nd4 22. Kh1 Nf5 23. Qf4 Rxd1 24. Rxd1 Rd8 25. Rxd8+ Qxd8 26. Qd2 Qc7 27. f4 h5
28. b3 Bb4 29. Qd3 Qa7 30. g3 Qb6 31. Kg2 Be7 32. h3 Ne3+ 33. Kf3 Nd5 34. Qd2
Qg1 35. Qf2 Qh1+ 36. Qg2 Qb1 37. Qf1 Qb2 38. Qf2 Qa1 39. h4 g6 40. Ng5 Bxg5 41.
hxg5 Kg7 42. Kg2 Qc1 43. Qe2 Ne3+ 44. Kf3 Nf5 45. Qd3 Qg1 46. Qd8 Qe3+ 47. Kg2
Qxg3+ 48. Kf1 Qxf4+ 49. Ke2 Qxe5+ 0-1

[Event "Superbet Blitz 2023"]
[Site "Warsaw POL"]
[Date "2023.05.24"]
[Round "6.4"]
[White "Shevchenko, Kirill"]
[Black "Vachier-Lagrave, Maxime"]
[Result "1/2-1/2"]
[WhiteTitle "GM"]
[BlackTitle "GM"]
[WhiteElo "2684"]
[BlackElo "2742"]
[WhiteFideId "14129574"]
[BlackFideId "623539"]
[EventDate "2023.05.24"]

1. e4 c5 2. Nc3 Nc6 3. Bb5 Nd4 4. Nf3 e6 5. O-O a6 6. Bd3 Nc6 7. Nd5 d6 8. Ne3
g5 9. c3 h5 10. Bc2 g4 11. Ne1 Bg7 12. f3 Nh6 13. fxg4 hxg4 14. Nxg4 Qh4 15.
Nxh6 Qxh6 16. h3 Qh4 17. Qf3 Qe7 18. Qg4 Rg8 19. Qh5 Rh8 20. Qg4 Rg8 21. Qh5 Rh8
22. Qg4 Rg8 1/2-1/2

[Event "Superbet Blitz 2023"]
[Site "Warsaw POL"]
[Date "2023.05.24"]
[Round "7.2"]
[White "Aronian, Levon"]
[Black "Wojtaszek, Radoslaw"]
[Result "1/2-1/2"]
[WhiteTitle "GM"]
[BlackTitle "GM"]
[WhiteElo "2745"]
[BlackElo "2670"]
[WhiteFideId "13300474"]
[BlackFideId "1118358"]
[EventDate "2023.05.24"]

1. e4 c5 2. Nf3 d6 3. Nc3 Nf6 4. Be2 Nc6 5. d4 cxd4 6. Nxd4 e5 7. Nb3 Be7 8. O-O
O-O 9. Bf3 Be6 10. Nd5 Bxd5 11. exd5 Nb8 12. a4 Nbd7 13. a5 a6 14. c4 Rc8 15.
Be2 Ne8 16. Bd2 Bg5 17. Bc3 f5 18. Nd2 Nef6 19. Ra3 Qe7 20. Qb1 e4 21. Nb3 f4
22. Nd4 Ne5 23. Ne6 f3 24. Bxf3 exf3 25. Bxe5 fxg2 26. Rd1 dxe5 27. Nxg5 h6 28.
Ne6 Rf7 29. Qg6 Rxc4 30. Rg3 Ne4 31. Rg4 Nd6 32. Rxg2 Nf5 33. Qh5 Nh4 34. Rg3
Qf6 35. Qe2 Rc8 36. Kh1 Nf3 37. Qe3 e4 38. Qxe4 Re8 39. Qe3 Ng5 40. Qd4 Nxe6 41.
Qxf6 Rxf6 42. dxe6 Rexe6 43. Rd7 Rxf2 44. Rdxg7+ Kf8 45. Rxb7 Re1+ 46. Rg1 Ree2
47. Rg6 Re1+ 48. Rg1 Ree2 49. Rg6 Re1+ 1/2-1/2

[Event "Superbet Blitz 2023"]
[Site "Warsaw POL"]
[Date "2023.05.24"]
[Round "7.3"]
[White "Rapport, Richard"]
[Black "Shevchenko, Kirill"]
[Result "0-1"]
[WhiteTitle "GM"]
[BlackTitle "GM"]
[WhiteElo "2745"]
[BlackElo "2684"]
[WhiteFideId "738590"]
[BlackFideId "14129574"]
[EventDate "2023.05.24"]

1. d4 Nf6 2. Bg5 Ne4 3. h4 c5 4. dxc5 Na6 5. Nd2 Naxc5 6. Nxe4 Nxe4 7. Qd5 Nxg5
8. hxg5 e6 9. Qd2 b6 10. O-O-O Bb7 11. e3 Qc7 12. Rh4 Be7 13. Nf3 Bxf3 14. gxf3
Bxg5 15. Rc4 Qd8 16. Rd4 d5 17. Qb4 Qe7 18. Qa4+ Kf8 19. f4 Bf6 20. R4d2 a5 21.
a3 g6 22. f5 exf5 23. Rxd5 Kg7 24. Rd7 Qe5 25. Qb3 Rhf8 26. Bc4 a4 27. Qa2 Rad8
28. Bxf7 Rxd7 29. Rxd7 Qxb2+ 30. Kd1 Qxa2 31. Bxa2+ Kh6 32. Ke2 Rc8 33. c4 b5
34. Ra7 bxc4 35. Bb1 c3 36. Bc2 Rd8 37. Bd3 Rb8 38. Rxa4 Rb2+ 39. Kf3 Ra2 40. e4
Rd2 41. Ke3 f4+ 0-1

[Event "Superbet Blitz 2023"]
[Site "Warsaw POL"]
[Date "2023.05.24"]
[Round "7.4"]
[White "Duda, Jan-Krzysztof"]
[Black "Deac, Bogdan-Daniel"]
[Result "1-0"]
[WhiteTitle "GM"]
[BlackTitle "GM"]
[WhiteElo "2724"]
[BlackElo "2700"]
[WhiteFideId "1170546"]
[BlackFideId "1226380"]
[EventDate "2023.05.24"]

1. e4 e5 2. Nf3 Nc6 3. Bb5 a6 4. Ba4 Nf6 5. O-O Be7 6. Re1 b5 7. Bb3 O-O 8. a4
Rb8 9. d3 d6 10. c3 h6 11. Nbd2 Re8 12. Nf1 Bf8 13. h3 Be6 14. Bc2 d5 15. exd5
Bxd5 16. Ne3 Be6 17. axb5 axb5 18. Ra6 Qd7 19. Nd2 Ne7 20. Qf3 Ng6 21. Ne4 Nh7
22. Qg3 Qc8 23. Ra7 Ra8 24. Rxa8 Qxa8 25. Ng4 Bd6 26. h4 Qc8 27. Nxh6+ Kh8 28.
h5 Nf4 29. d4 Nxh5 30. Qf3 Nf4 31. dxe5 Bxe5 32. Bxf4 Bxf4 33. Qxf4 gxh6 34. Nf6 1-0

[Event "Superbet Blitz 2023"]
[Site "Warsaw POL"]
[Date "2023.05.24"]
[Round "7.5"]
[White "Vachier-Lagrave, Maxime"]
[Black "So, Wesley"]
[Result "1/2-1/2"]
[WhiteTitle "GM"]
[BlackTitle "GM"]
[WhiteElo "2742"]
[BlackElo "2760"]
[WhiteFideId "623539"]
[BlackFideId "5202213"]
[EventDate "2023.05.24"]

1. e4 e5 2. Nf3 Nc6 3. Bb5 Nf6 4. O-O Nxe4 5. Re1 Nd6 6. Nxe5 Be7 7. Bf1 Nxe5 8.
Rxe5 O-O 9. d4 Bf6 10. Re2 b6 11. Re1 Bb7 12. Bf4 Ne4 13. Nd2 Nxd2 14. Qxd2 d6
15. a4 c5 16. c3 cxd4 17. cxd4 Rc8 18. a5 bxa5 19. Be3 a6 20. Rxa5 Rc2 21. Qxc2
Qxa5 22. b4 Qd5 23. Ra1 Rc8 24. Qd3 g6 25. Ra5 Qc6 26. d5 Qc3 27. Qxc3 Bxc3 28.
Bxa6 Bxa6 29. Rxa6 Bxb4 30. g4 h5 31. gxh5 gxh5 32. Kg2 Kg7 33. Bf4 Kf6 34. Bxd6
Bxd6 35. Rxd6+ Ke5 36. Rd7 f5 37. h3 Rc3 38. Rd8 Rd3 39. d6 h4 40. d7 Kf4 41.
Rh8 Rxd7 42. Rxh4+ Kg5 43. Ra4 Rd3 44. h4+ Kh5 45. f3 Rd6 46. Kg3 Kg6 47. Kf4
Kf6 48. Ra8 Rd4+ 49. Kg3 Kf7 50. Ra6 Rb4 51. h5 Kg7 52. Rg6+ Kf7 53. f4 Ra4 54.
Rg5 Kf6 55. h6 Ra8 56. Kh4 Ra1 57. Rg3 Rh1+ 58. Rh3 Rxh3+ 59. Kxh3 Kg6 60. Kg3
Kxh6 61. Kh3 Kg6 62. Kg3 Kh6 63. Kh3 Kg6 64. Kg3 Kh6 1/2-1/2

[Event "Superbet Blitz 2023"]
[Site "Warsaw POL"]
[Date "2023.05.24"]
[Round "8.1"]
[White "Deac, Bogdan-Daniel"]
[Black "Vachier-Lagrave, Maxime"]
[Result "1-0"]
[WhiteTitle "GM"]
[BlackTitle "GM"]
[WhiteElo "2700"]
[BlackElo "2742"]
[WhiteFideId "1226380"]
[BlackFideId "623539"]
[EventDate "2023.05.24"]

1. e4 c5 2. Nf3 d6 3. Bb5+ Bd7 4. c4 Nc6 5. d4 cxd4 6. Nxd4 Nf6 7. Nc3 g6 8. h3
Bg7 9. Be3 O-O 10. O-O Rc8 11. Rc1 a6 12. Bxc6 Bxc6 13. Nxc6 Rxc6 14. Qb3 Qd7
15. Rfd1 Rfc8 16. e5 Ne8 17. exd6 Rxd6 18. c5 Rxd1+ 19. Rxd1 Qc6 20. Nd5 Bf8 21.
Nb6 Rc7 22. Rd8 Ng7 23. Qd5 Ne6 24. Qxc6 Rxc6 25. Rb8 Rc7 26. b4 f6 27. Kf1 Kf7
28. Ke2 Bg7 29. Kd3 f5 30. Kc4 Be5 31. Ra8 Rc6 32. a4 g5 33. b5 axb5+ 34. axb5
Rc7 35. Nd5 Rd7 36. f3 Bg3 37. Rc8 h6 38. Bc1 Bf2 39. Ba3 Rd8 40. Rxd8 Nxd8 41.
Bb4 e6 42. Nb6 Ke8 43. Bc3 Nf7 44. Bd4 Bg3 45. c6 Nd8 46. cxb7 Nxb7 47. Na4 Ke7
48. Nc5 Nd6+ 49. Kb4 Be1+ 50. Ka4 Nc4 51. Nd3 Bg3 52. b6 Kd7 53. Kb5 Nd6+ 54.
Ka6 Kc6 55. Nb4+ Kd7 56. Bc5 Ne8 57. b7 Nc7+ 58. Kb6 Ne8 59. Na6 Nf6 60. b8=Q
Bxb8 61. Nxb8+ Kc8 62. Na6 Kd7 63. Nb4 g4 64. Bd4 gxh3 65. gxh3 Nh5 66. Be5 1-0

[Event "Superbet Blitz 2023"]
[Site "Warsaw POL"]
[Date "2023.05.24"]
[Round "8.2"]
[White "Shevchenko, Kirill"]
[Black "So, Wesley"]
[Result "1/2-1/2"]
[WhiteTitle "GM"]
[BlackTitle "GM"]
[WhiteElo "2684"]
[BlackElo "2760"]
[WhiteFideId "14129574"]
[BlackFideId "5202213"]
[EventDate "2023.05.24"]

1. e4 e5 2. Nf3 Nc6 3. Bb5 a6 4. Ba4 Nf6 5. Nc3 Bc5 6. d3 d6 7. Bxc6+ bxc6 8.
Be3 Bxe3 9. fxe3 c5 10. O-O O-O 11. Qe1 h6 12. Nh4 g6 13. Nf3 Kg7 14. Nd2 Be6
15. b3 Qe7 16. Rf3 Nd7 17. Nc4 Bxc4 18. bxc4 Rab8 19. Qd2 c6 20. a3 Qd8 21. Na4
h5 22. Rff1 Qc7 23. Rab1 Rxb1 24. Rxb1 Rb8 25. Rb3 Nf6 26. h3 h4 27. Qe1 Nh5 28.
Nc3 Rxb3 29. cxb3 Qb6 30. Qd1 Ng3 31. Kf2 Qa5 32. Qc1 Qd8 33. Qd1 a5 34. Qf3 Nh5
35. Qg4 Nf6 36. Qd1 Qb8 37. Ke2 Nh5 38. Kd2 Qd8 39. Qf3 Nf6 40. Kc2 Nh5 41. Nd1
Nf6 42. Nf2 a4 43. Nd1 axb3+ 44. Kxb3 Qb6+ 45. Ka2 Qa5 46. Qe2 d5 47. Qc2 d4 48.
exd4 exd4 49. Nf2 Nh5 50. e5 Nf4 51. Ne4 Qe1 52. Qf2 Qe3 53. Qxh4 Qe2+ 54. Ka1
Qd1+ 55. Ka2 Qc2+ 56. Ka1 Qc1+ 57. Ka2 Qc2+ 58. Ka1 Nxd3 59. Qf6+ Kg8 60. Qd8+
Kg7 61. Qf6+ Kg8 62. Qd8+ Kg7 1/2-1/2

[Event "Superbet Blitz 2023"]
[Site "Warsaw POL"]
[Date "2023.05.24"]
[Round "8.3"]
[White "Wojtaszek, Radoslaw"]
[Black "Duda, Jan-Krzysztof"]
[Result "0-1"]
[WhiteTitle "GM"]
[BlackTitle "GM"]
[WhiteElo "2670"]
[BlackElo "2724"]
[WhiteFideId "1118358"]
[BlackFideId "1170546"]
[EventDate "2023.05.24"]

1. d4 Nf6 2. c4 c5 3. d5 g6 4. Nc3 Bg7 5. e4 d6 6. Bd3 e6 7. Nf3 O-O 8. h3 exd5
9. exd5 Re8+ 10. Be3 Rxe3+ 11. fxe3 Qe7 12. e4 Nbd7 13. O-O Nh5 14. Qd2 Ne5 15.
Ne2 Bd7 16. Nxe5 Bxe5 17. Rf3 a6 18. a4 b6 19. Bc2 Nf6 20. Raf1 Be8 21. b3 Nd7
22. Bd3 h5 23. Kh1 Bg7 24. R3f2 Ne5 25. Ng1 Kh7 26. Nf3 Bh6 27. Qc3 Bf4 28. Bc2
Bg3 29. Re2 Nxf3 30. Qxf3 Be5 31. Bd3 Kg7 32. Qf2 Bd7 33. Qe1 Bd4 34. Qd2 Rh8
35. Ree1 Be5 36. Qe3 g5 37. Re2 Rh7 38. Bc2 g4 39. Ref2 Kg8 40. Rf5 Bxf5 41.
exf5 Qf6 42. Bd1 Kg7 43. Qd3 Rh8 44. Qe3 Bd4 45. Qe4 Be5 46. Qe3 Kf8 47. Qe4 Ke7
48. Be2 Kd7 49. Qe3 Bd4 50. Qf4 Re8 51. Bd1 Re3 52. Qf2 Rxh3+ 0-1

[Event "Superbet Blitz 2023"]
[Site "Warsaw POL"]
[Date "2023.05.24"]
[Round "8.5"]
[White "Rapport, Richard"]
[Black "Giri, Anish"]
[Result "1-0"]
[WhiteTitle "GM"]
[BlackTitle "GM"]
[WhiteElo "2745"]
[BlackElo "2768"]
[WhiteFideId "738590"]
[BlackFideId "24116068"]
[EventDate "2023.05.24"]

1. d4 d5 2. Bg5 f6 3. Bd2 Nc6 4. e3 e5 5. Bb5 Bd6 6. c4 dxc4 7. Ne2 Ne7 8. Bxc4
exd4 9. exd4 Bf5 10. Qb3 Qd7 11. Bf7+ Kf8 12. O-O h5 13. Bc4 Rb8 14. Re1 h4 15.
h3 b5 16. Bf7 Nd8 17. Bc4 bxc4 18. Qxb8 c6 19. Qa8 Nd5 20. Ba5 Bc7 21. b4 Bxb1
22. Raxb1 Kf7 23. Kf1 Bh2 24. b5 cxb5 25. Nc3 Nxc3 26. Bxc3 Rh5 27. Bb4 Nc6 28.
Qf8+ Kg6 29. Bc5 c3 30. Re4 Rg5 31. Rc1 Qd5 32. Qe8+ Kf5 33. Rg4 Qc4+ 34. Qe2
Qxe2+ 35. Kxe2 b4 36. Rxg5+ fxg5 37. d5 Bf4 38. dxc6 1-0

[Event "Superbet Blitz 2023"]
[Site "Warsaw POL"]
[Date "2023.05.24"]
[Round "9.1"]
[White "Giri, Anish"]
[Black "Shevchenko, Kirill"]
[Result "0-1"]
[WhiteTitle "GM"]
[BlackTitle "GM"]
[WhiteElo "2768"]
[BlackElo "2684"]
[WhiteFideId "24116068"]
[BlackFideId "14129574"]
[EventDate "2023.05.24"]

1. e4 c5 2. Nf3 Nc6 3. d4 cxd4 4. Nxd4 e6 5. Nc3 Qc7 6. Be3 a6 7. Qf3 h5 8. Nxc6
Qxc6 9. a4 Bb4 10. O-O-O Bxc3 11. bxc3 Qxc3 12. Bd4 Qxf3 13. gxf3 f6 14. f4 Ne7
15. Rg1 Kf7 16. Rd3 h4 17. Bc5 Ng6 18. Bd6 b5 19. f5 Ne5 20. fxe6+ Kxe6 21. Bh3+
Kf7 22. Bxe5 fxe5 23. Bxd7 g6 24. axb5 axb5 25. Kb2 Bb7 26. Bxb5 Bxe4 27. Re3
Rhb8 28. c4 Bd5 29. Kc3 Be6 30. Rxe5 Ra3+ 31. Kb4 Rh3 32. Rge1 Bf5 33. c5 Rxh2
34. c6 Rxf2 35. Kc5 h3 36. c7 Rc8 37. Re7+ Kf6 38. Rh7 h2 39. Ba6 Rc2+ 40. Kd6
Ra8 41. Bb7 Ra5 42. Re8 Rd2+ 43. Kc6 Bd7+ 44. Kb6 Rb5+ 45. Ka7 Ra2+ 46. Kb8 Rab2
47. Rf8+ Kg5 48. c8=Q Bxc8 49. Kxc8 Rxb7 50. Rxh2 Rb8+ 51. Kc7 R2b7+ 52. Kc6
Rxf8 53. Kxb7 Rf6 54. Rh1 Kg4 55. Rg1+ Kh4 56. Rh1+ Kg3 57. Rg1+ Kf2 58. Rg5 Kf3
59. Rg1 Kf4 60. Rf1+ Kg5 61. Rg1+ Kh6 62. Rh1+ Kg7 63. Rg1 Rf5 64. Kc6 g5 65.
Kd6 Kg6 66. Ke6 Ra5 67. Kd6 Kh5 68. Rh1+ Kg4 69. Rg1+ Kf4 70. Rf1+ Ke3 71. Rg1
Kf2 0-1

[Event "Superbet Blitz 2023"]
[Site "Warsaw POL"]
[Date "2023.05.24"]
[Round "9.2"]
[White "Aronian, Levon"]
[Black "Rapport, Richard"]
[Result "0-1"]
[WhiteTitle "GM"]
[BlackTitle "GM"]
[WhiteElo "2745"]
[BlackElo "2745"]
[WhiteFideId "13300474"]
[BlackFideId "738590"]
[EventDate "2023.05.24"]

1. e4 e6 2. d4 d5 3. e5 c5 4. c3 Bd7 5. Nf3 Nc6 6. Be2 Nge7 7. O-O Ng6 8. Be3
Qc7 9. Nbd2 Be7 10. g3 cxd4 11. cxd4 f6 12. exf6 gxf6 13. Rc1 O-O 14. a3 Kh8 15.
b4 a6 16. Nb3 Rad8 17. Re1 Qd6 18. Nc5 Bc8 19. Bf1 e5 20. dxe5 fxe5 21. Ng5 Nd4
22. Bg2 Rf5 23. h4 Bxg5 24. hxg5 Nc6 25. Rc2 Nge7 26. f4 Qg6 27. Nd3 e4 28. Ne5
Rxe5 29. fxe5 d4 30. Bf4 e3 31. Bxc6 Nxc6 32. Rxc6 Qxc6 33. Rxe3 Bh3 34. Qd2 Qe6
35. Re1 Bf5 36. Rc1 Be4 37. Rc7 Qh3 38. Qh2 Qg4 39. Qd2 Qf3 40. e6 Qh1+ 0-1

[Event "Superbet Blitz 2023"]
[Site "Warsaw POL"]
[Date "2023.05.24"]
[Round "9.4"]
[White "Vachier-Lagrave, Maxime"]
[Black "Wojtaszek, Radoslaw"]
[Result "1-0"]
[WhiteTitle "GM"]
[BlackTitle "GM"]
[WhiteElo "2742"]
[BlackElo "2670"]
[WhiteFideId "623539"]
[BlackFideId "1118358"]
[EventDate "2023.05.24"]

1. e4 c5 2. Nf3 d6 3. d4 cxd4 4. Nxd4 Nf6 5. Nc3 a6 6. Bd3 e5 7. Nde2 Be6 8. f4
exf4 9. Nxf4 Nc6 10. Nxe6 fxe6 11. Bc4 Qd7 12. a3 Ne5 13. Bb3 Be7 14. Bf4 Rc8
15. Qe2 Kf7 16. O-O Rhe8 17. Rad1 Qc6 18. Kh1 Nc4 19. e5 dxe5 20. Bxe5 Kg8 21.
Rd4 b5 22. Bxc4 bxc4 23. Ne4 Nxe4 24. Rxe4 Rf8 25. Rxf8+ Bxf8 26. Bc3 Qd5 27.
Re5 Qd7 28. Rxe6 Qf7 29. h3 Rd8 30. Rc6 Rd5 31. Qxc4 Rd1+ 32. Kh2 Bd6+ 33. g3
Rd5 34. Rc8+ Bf8 35. Kg2 h5 36. Bb4 Qe6 37. Rxf8+ Kh7 38. Rf2 1-0

[Event "Superbet Blitz 2023"]
[Site "Warsaw POL"]
[Date "2023.05.24"]
[Round "9.5"]
[White "So, Wesley"]
[Black "Deac, Bogdan-Daniel"]
[Result "1-0"]
[WhiteTitle "GM"]
[BlackTitle "GM"]
[WhiteElo "2760"]
[BlackElo "2700"]
[WhiteFideId "5202213"]
[BlackFideId "1226380"]
[EventDate "2023.05.24"]

1. d4 Nf6 2. c4 e6 3. Nc3 Bb4 4. e3 O-O 5. Bd3 d5 6. a3 Bxc3+ 7. bxc3 dxc4 8.
Bxc4 c5 9. Nf3 Qc7 10. Be2 b6 11. Bb2 Bb7 12. O-O Nc6 13. Rc1 Rfd8 14. Re1 Rac8
15. Bd3 e5 16. e4 Ne8 17. d5 Ne7 18. c4 f6 19. g3 Nd6 20. Nxe5 fxe5 21. Bxe5 Ng6
22. Bb2 b5 23. cxb5 c4 24. e5 Qb6 25. Bxg6 c3 26. Rxc3 Rxc3 27. exd6 hxg6 28.
Bxc3 Qxb5 29. Qd4 Rd7 30. Re8+ Kf7 31. Qxg7+ 1-0

[Event "Superbet Blitz 2023"]
[Site "Warsaw POL"]
[Date "2023.05.25"]
[Round "10.1"]
[White "Shevchenko, Kirill"]
[Black "Deac, Bogdan-Daniel"]
[Result "0-1"]
[WhiteTitle "GM"]
[BlackTitle "GM"]
[WhiteElo "2684"]
[BlackElo "2700"]
[WhiteFideId "14129574"]
[BlackFideId "1226380"]
[EventDate "2023.05.24"]

1. c4 e6 2. g3 d5 3. Bg2 Nf6 4. Nf3 Be7 5. O-O O-O 6. b3 a5 7. Nc3 c6 8. d4 b6
9. Ne5 Nfd7 10. Nd3 Ba6 11. Nb2 b5 12. e4 bxc4 13. bxc4 Nb6 14. Qg4 Kh8 15. exd5
cxd5 16. Bf4 Nxc4 17. Nba4 Nc6 18. Rfd1 Bf6 19. Ne2 Nd6 20. Rac1 Bxe2 21. Qxe2
Nxd4 22. Qd3 Rb8 23. Nc5 Rb2 24. Rd2 Rxd2 25. Bxd2 Nc4 26. Bc3 Nf5 27. Bxf6 gxf6
28. h4 Qe7 29. Nb3 Rb8 30. Bxd5 Ne5 31. Qc2 a4 32. Nd2 Nd4 33. Qe4 Qa7 34. Bc4
Rd8 35. Kg2 Kg7 36. a3 Qc5 37. Kh3 Qxa3 38. Re1 Qc3 39. Qf4 Ng6 40. Qxf6+ Kxf6
41. Ne4+ Kg7 42. Nxc3 Rc8 43. Nxa4 Rxc4 44. Nb6 Rc2 45. Rf1 h5 46. Nd7 e5 47.
Kg2 e4 48. Re1 f5 49. Rd1 Nf3 50. Rd6 Rc1 51. Nf6 Nge5 52. Nxh5+ Kf7 53. Rf6+
Ke7 54. Rxf5 Rg1+ 55. Kh3 Rh1+ 56. Kg2 Rh2+ 57. Kf1 Nd3 0-1

[Event "Superbet Blitz 2023"]
[Site "Warsaw POL"]
[Date "2023.05.25"]
[Round "10.2"]
[White "So, Wesley"]
[Black "Wojtaszek, Radoslaw"]
[Result "1-0"]
[WhiteTitle "GM"]
[BlackTitle "GM"]
[WhiteElo "2760"]
[BlackElo "2670"]
[WhiteFideId "5202213"]
[BlackFideId "1118358"]
[EventDate "2023.05.24"]

1. Nf3 d5 2. e3 c5 3. d4 Nc6 4. c4 cxd4 5. cxd5 Qa5+ 6. Qd2 Qxd5 7. Nc3 Qd8 8.
exd4 e6 9. Bd3 Nf6 10. O-O Be7 11. a3 O-O 12. Rd1 b6 13. Qf4 Bb7 14. Qh4 g6 15.
Bg5 Nh5 16. Be4 Bxg5 17. Qxg5 Qxg5 18. Nxg5 Nf6 19. d5 exd5 20. Nxd5 Nxe4 21.
Nxe4 Rfd8 22. f4 Kg7 23. b4 Ne7 24. Ndc3 Nf5 25. Kf2 h5 26. Ng3 Nd4 27. Nge2 Nf5
28. g3 Rac8 29. Rxd8 Rxd8 30. Rd1 Rxd1 31. Nxd1 Nd6 32. Ne3 Bc6 33. Nc3 Kf6 34.
Ke2 Ke6 35. Kd3 f6 36. Nc2 Bb7 37. Nd4+ Kd7 38. a4 Bg2 39. Ke3 Bb7 40. h4 Bg2
41. Kf2 Bb7 42. Ke3 Bg2 43. Ncb5 a6 44. Nc3 Nc4+ 45. Kd3 Nb2+ 46. Kc2 Nc4 47.
Kd3 Nb2+ 48. Ke2 Nc4 49. f5 gxf5 50. Nxf5 Bh3 51. Ne3 Be6 52. Nxc4 Bxc4+ 53. Ke3
Ke6 54. Kd4 Bf1 55. Nd5 b5 56. a5 Kd6 57. Nf4 Bc4 58. Nxh5 1-0